Five Least Populated Countries by Continent - advanced version - Statistics

General Stats
  • This quiz has been taken 1,110 times
    1,105 since last reset
  • The average score is 17 of 30
Answer Stats
Country % Correct
Vatican City
83%
Seychelles
80%
San Marino
78%
Monaco
75%
Liechtenstein
74%
São Tomé & Príncipe
74%
Andorra
73%
Cape Verde
68%
Comoros
65%
Nauru
63%
St. Kitts & Nevis
62%
Suriname
58%
Guyana
57%
Tuvalu
55%
Uruguay
53%
Paraguay
52%
Brunei
51%
Maldives
51%
Djibouti
50%
Palau
50%
Bolivia
48%
Dominica
48%
Antigua & Barbuda
42%
St. Vincent & the Grenadines
42%
Marshall Islands
41%
Grenada
40%
Bhutan
37%
East Timor
36%
Fed. States Micronesia
29%
Cyprus
28%
No matching quizzes found
Score Distribution
Percent of People with Each Score
Percentile by Number Answered
Your Score History
You have not taken this quiz since the last reset